[Event "Andalucia-chT Honor Occidental"]
[Site "Andalucia"]
[Date "2018.09.30"]
[Round "1.15"]
[White "Sobrino Forte, Alvaro"]
[Black "Diaz Mino, Daniel"]
[Result "1-0"]
[WhiteElo "2022"]
[BlackElo "1770"]
[PlyCount "133"]
[EventDate "2018.09.30"]
[EventType "team-tourn"]
[EventRounds "7"]
[EventCountry "ESP"]
[SourceTitle "EXT 2020"]
[Source "ChessBase"]
[SourceDate "2019.10.17"]
[SourceVersion "1"]
[SourceVersionDate "2019.10.17"]
[SourceQuality "1"]
[WhiteTeam "Vistazul Tiempo y Mente"]
[BlackTeam "Reina Cristina Algeciras"]
[WhiteTeamCountry "ESP"]
[BlackTeamCountry "ESP"]

1. e4 e5 2. Nf3 Nf6 3. Nc3 Nc6 4. d4 exd4 5. Nxd4 Bb4 6. Nxc6 bxc6 7. Bd3 d5 8. exd5 0-0 9. 0-0 cxd5 10. Bg5 Be6 11. Qf3 Be7 12. h3 Rb8 13. Nb5 c5 14. a4 a6 15. Nc3 c4 16. Bf5 Bxf5 17. Qxf5 d4 18. Nd1 Qd5 19. Qxd5 Nxd5 20. Bxe7 Nxe7 21. Re1 Nc6 22. c3 d3 23. Re4 Na5 24. Ne3 Rfc8 25. Rb1 Re8 26. Rf4 d2 27. Rd4 Nb3 28. Rd6 Rbd8 29. Rxd8 Rxd8 30. Rd1 Nc5 31. a5 Nb3 32. Nxc4 Rc8 33. Ne3 Rc5 34. Kf1 Rxa5 35. Nc4 Rd5 36. Ke2 f6 37. Nxd2 Nc5 38. Nc4 Rg5 39. g3 Ne6 40. Ra1 Rc5 41. Kd3 Rf5 42. f4 Nc5+ 43. Ke3 Rd5 44. Ke2 Rd7 45. Ra5 Rc7 46. Ne3 Ne4 47. Rxa6 Nxg3+ 48. Kf3 Nh5 49. c4 Kf7 50. b4 f5 51. b5 Nf6 52. b6 Rc8 53. Nxf5 Rb8 54. b7 Ne8 55. Rb6 Nc7 56. Nd4 Na8 57. Rb3 Nc7 58. Nc6 Na6 59. Rb6 Ke8 60. Rxa6 Rxb7 61. Ra8+ Kd7 62. Ne5+ Ke6 63. Ke4 Rb3 64. Ra6+ Ke7 65. c5 Rxh3 66. Kd5 h5 67. Ra7+ 1-0

[Event "ESP-ch 83rd"]
[Site "Linares"]
[Date "2018.08.28"]
[Round "9"]
[White "Gonzalez del Campo, Diego"]
[Black "Sobrino Forte, Alvaro"]
[Result "0-1"]
[WhiteElo "1893"]
[BlackElo "1984"]
[PlyCount "90"]
[EventDate "2018.08.20"]
[EventType "swiss"]
[EventRounds "9"]
[EventCountry "ESP"]
[SourceTitle "CBM 186 Extra"]
[Source "ChessBase"]
[SourceDate "2018.08.24"]
[SourceVersion "1"]
[SourceVersionDate "2018.08.24"]
[SourceQuality "1"]

1. d4 Nf6 2. Nf3 g6 3. Bf4 d6 4. e3 Bg7 5. h3 0-0 6. Be2 Nfd7 7. 0-0 Nc6 8. c4 e5 9. Bh2 f5 10. Nc3 e4 11. Ne1 Nf6 12. Nc2 Qe7 13. b4 Kh8 14. b5 Nd8 15. Nb4 c6 16. Rc1 Ne8 17. a4 g5 18. Re1 d5 19. Nbxd5 cxd5 20. Nxd5 Qd7 21. Qb3 Ne6 22. c5 f4 23. Bg4 Qf7 24. Nb4 h5 25. Bxe6 Bxe6 26. d5 Bf5 27. Qd1 f3 28. gxf3 Bxh3 29. Rc2 exf3 30. Rc4 Bg2 31. e4 Qd7 32. e5 Qh3 33. Re3 g4 34. Nd3 Bh6 35. Ree4 g3 36. fxg3 f2+ 37. Nxf2 Rxf2 38. Rh4 Qf5 39. Rcf4 Rxf4 40. gxf4 Be4 41. Qxh5 Qxh5 42. Rxh5 Kg7 43. e6 Nf6 44. Re5 Bxd5 45. Kf2 Ng4+ 0-1

[Event "ESP-ch 83rd"]
[Site "Linares"]
[Date "2018.08.27"]
[Round "8"]
[White "Sobrino Forte, Alvaro"]
[Black "Moral Garcia, Serafin"]
[Result "0-1"]
[WhiteElo "1984"]
[BlackElo "2287"]
[PlyCount "120"]
[EventDate "2018.08.20"]
[EventType "swiss"]
[EventRounds "9"]
[EventCountry "ESP"]
[SourceTitle "CBM 186 Extra"]
[Source "ChessBase"]
[SourceDate "2018.08.24"]
[SourceVersion "1"]
[SourceVersionDate "2018.08.24"]
[SourceQuality "1"]

1. e4 e5 2. Nf3 Nc6 3. Bb5 a6 4. Ba4 Nf6 5. 0-0 b5 6. Bb3 Bc5 7. a4 Rb8 8. c3 d6 9. d4 Bb6 10. a5 Ba7 11. h3 0-0 12. Be3 exd4 13. cxd4 d5 14. e5 Ne4 15. Nc3 Nxc3 16. bxc3 Bf5 17. Bc2 Bxc2 18. Qxc2 f6 19. Qf5 Qc8 20. Qxc8 Rbxc8 21. exf6 Rxf6 22. Ne5 Re6 23. Nd3 Ne7 24. Rfe1 Nc6 25. Rec1 Rce8 26. Nb4 Nxb4 27. cxb4 c6 28. Ra3 Kf7 29. Rac3 Rc8 30. Kf1 Ke7 31. Rd1 Kd7 32. Bf4 Rf8 33. Be3 Bb8 34. Ke2 Bd6 35. Rb3 Rg6 36. Kf1 Re8 37. Rc1 Re4 38. Rd1 h5 39. Rd2 Rf6 40. Ke2 g5 41. Rd1 g4 42. hxg4 Rxg4 43. g3 h4 44. gxh4 Rxh4 45. Rg1 Rf7 46. Rg8 Bf8 47. Rg3 Rh1 48. Rf3 Rxf3 49. Kxf3 Ra1 50. Ke2 Ra2+ 51. Kd3 Bd6 52. Bd2 Ke6 53. Rb1 Kf5 54. Rc1 Rxd2+ 55. Kxd2 Bf4+ 56. Kc2 Bxc1 57. Kxc1 Ke4 58. Kc2 Kf3 59. Kd2 Kxf2 60. Kd3 Kf3 0-1

[Event "Andalucia-chA"]
[Site "Algeciras"]
[Date "2018.05.19"]
[Round "5"]
[White "Sobrino Forte, Alvaro"]
[Black "Tocino Rivas, Maria Milagros"]
[Result "1/2-1/2"]
[WhiteElo "1903"]
[BlackElo "1743"]
[PlyCount "67"]
[EventDate "2018.05.12"]
[EventType "swiss"]
[EventRounds "8"]
[EventCountry "ESP"]
[SourceTitle "EXT 2020"]
[Source "ChessBase"]
[SourceDate "2019.10.17"]
[SourceVersion "1"]
[SourceVersionDate "2019.10.17"]
[SourceQuality "1"]

1. e4 e5 2. Bc4 Nc6 3. Nf3 d6 4. c3 Be6 5. Bxe6 fxe6 6. Qb3 Qc8 7. Ng5 Nd8 8. d4 h6 9. Nf3 exd4 10. cxd4 Nf6 11. e5 dxe5 12. Nxe5 Bd6 13. Qg3 Kf8 14. Qf3 Kg8 15. 0-0 Bxe5 16. dxe5 Nd5 17. Nc3 Nxc3 18. Qxc3 Nc6 19. Be3 Ne7 20. Rac1 Nd5 21. Qc5 Kh7 22. Qc2+ g6 23. Qd2 Qf8 24. Rfd1 Qg7 25. Qa5 b6 26. Qb5 Rhd8 27. Re1 Rf8 28. Qc4 Qe7 29. h4 Rf5 30. Qe4 Raf8 31. Rc2 Qg7 32. Bc1 c5 33. g3 Qf7 34. Rf1 1/2-1/2

[Event "Andalucia-chA"]
[Site "Roquetas de Mar"]
[Date "2017.05.13"]
[Round "2"]
[White "Garcia Fernandez, Miguel"]
[Black "Sobrino Forte, Alvaro"]
[Result "0-1"]
[WhiteElo "1801"]
[BlackElo "1932"]
[PlyCount "66"]
[EventDate "2017.05.13"]
[EventType "swiss"]
[EventRounds "8"]
[EventCountry "ESP"]
[SourceTitle "EXT 2020"]
[Source "ChessBase"]
[SourceDate "2019.10.17"]
[SourceVersion "1"]
[SourceVersionDate "2019.10.17"]
[SourceQuality "1"]

1. d4 Nf6 2. Nf3 g6 3. g3 Bg7 4. Bg2 0-0 5. 0-0 d6 6. c4 Nc6 7. Nc3 a6 8. e4 e6 9. Bg5 h6 10. Be3 Rb8 11. a4 e5 12. dxe5 dxe5 13. Qc1 Kh7 14. Bc5 Re8 15. Rd1 Bd7 16. a5 Qc8 17. b4 Bh3 18. b5 Bxg2 19. Kxg2 axb5 20. cxb5 Nxa5 21. Qc2 b6 22. Bb4 Nb7 23. Nd5 Nxd5 24. Rxd5 Nd8 25. Ra7 c5 26. bxc6 Nxc6 27. Ra4 b5 28. Bd6 bxa4 29. Rc5 Rb6 30. Bxe5 Qe6 31. Bc7 Ra6 32. Qe2 Rea8 33. e5 a3 0-1

[Event "La Roda op 44th"]
[Site "La Roda"]
[Date "2017.04.12"]
[Round "1"]
[White "Sobrino Forte, Alvaro"]
[Black "Ramiro Ovejero, Juan Luis"]
[Result "0-1"]
[WhiteElo "1968"]
[BlackElo "2398"]
[PlyCount "42"]
[EventDate "2017.04.12"]
[EventType "swiss"]
[EventRounds "9"]
[EventCountry "ESP"]
[SourceTitle "CBM 177 Extra"]
[Source "ChessBase"]
[SourceDate "2017.04.27"]
[SourceVersion "1"]
[SourceVersionDate "2017.04.27"]
[SourceQuality "1"]

1. e4 c5 2. Nf3 e6 3. d4 cxd4 4. Nxd4 a6 5. Nc3 b5 6. a3 Bb7 7. Be2 d6 8. 0-0 Nf6 9. f3 Nbd7 10. Be3 Be7 11. Kh1 Rc8 12. g4 h6 13. Re1 Ne5 14. Bf1 g5 15. Bd3 h5 16. Bxg5 hxg4 17. f4 Nxd3 18. cxd3 Qb6 19. Nc2 Qf2 20. h4 g3 21. Qe2 g2+ 0-1

[Event "Seville-ch"]
[Site "Seville"]
[Date "2017.03.25"]
[Round "9"]
[White "Garcia Jimenez, Santiago"]
[Black "Sobrino Forte, Alvaro"]
[Result "1/2-1/2"]
[WhiteElo "2035"]
[BlackElo "1739"]
[PlyCount "45"]
[EventDate "2017.01.28"]
[EventType "swiss"]
[EventRounds "9"]
[EventCountry "ESP"]
[SourceTitle "EXT 2018"]
[Source "ChessBase"]
[SourceDate "2017.10.13"]
[SourceVersion "1"]
[SourceVersionDate "2017.10.13"]
[SourceQuality "1"]

1. e4 e6 2. Nf3 d5 3. e5 c5 4. b4 cxb4 5. a3 Nc6 6. axb4 Bxb4 7. c3 Be7 8. d4 a5 9. h4 Rb8 10. Ng5 h6 11. Nxf7 Kxf7 12. Bd3 h5 13. Qf3+ Ke8 14. Qg3 Kf8 15. Qf4+ Ke8 16. Qg3 Bf8 17. Bg5 Be7 18. Bc1 Kf8 19. Qf4+ Ke8 20. Qg3 Bf8 21. Bg5 Be7 22. Bc1 Bf8 23. Bg5 1/2-1/2